| 000 | 00557nam a22002057a 4500 | ||
|---|---|---|---|
| 003 | OSt | ||
| 005 | 20160308123311.0 | ||
| 008 | 160307b xxu||||| |||| 00| 0 eng d | ||
| 020 | _a0131918567 | ||
| 040 | _cDDC | ||
| 082 | _a658.421 ZIM2005. | ||
| 100 |
_aZimmerer,Thomas; _97125 |
||
| 245 | _aEssentials of Entreneurship and small Business Management. | ||
| 250 | _a4th ed. | ||
| 260 |
_aNew Jersey. _bPrentice Hall. _c2005. |
||
| 300 |
_axiv,578p; _bill; _c27cm |
||
| 504 | _aincludes index. | ||
| 650 |
_aEntrepreneurship. _96831 |
||
| 942 |
_2ddc _cSLOAN |
||
| 999 |
_c3184 _d3184 |
||